Quy trình và phương pháp tiến hành một cuộc thanh tra chính sách lao động xã hội /
Gardado en:
| Outros autores: | , , , , , |
|---|---|
| Formato: | Sách giấy |
| Idioma: | Vietnamese |
| Publicado: |
H. :
Lao động xã hội,
2000
|
| Các nhãn: |
Engadir etiqueta
Sen Etiquetas, Sexa o primeiro en etiquetar este rexistro!
|
| Thư viện lưu trữ: | Thư viện Trường Đại học Đà Lạt |
|---|
| LEADER | 00972nam a2200337 4500 | ||
|---|---|---|---|
| 001 | DLU030021076 | ||
| 003 | ##DLU | ||
| 005 | ##20021230 | ||
| 008 | ##021230t vn z000 vie d | ||
| 040 | # | # | |a DLU |b vie |
| 041 | # | # | |a vie |
| 044 | # | # | |a vn |
| 082 | # | # | |a 331 035 28 |b Quy |
| 245 | # | # | |a Quy trình và phương pháp tiến hành một cuộc thanh tra chính sách lao động xã hội / |c Nguyễn Xuân Bân chủ biên, ... [và những người khác] |
| 260 | # | # | |a H. : |b Lao động xã hội, |c 2000 |
| 300 | # | # | |a 157 tr. ; |c 19 cm |
| 700 | # | # | |a Đinh Bá Đảm |
| 700 | # | # | |a Nguyễn Anh Tuấn |
| 700 | # | # | |a Nguyễn Mạnh Dũng |
| 700 | # | # | |a Nguyễn Tiến Tùng |
| 700 | # | # | |a Nguyễn Xuân Bân |e Chủ biên |
| 700 | # | # | |a Trần Lê Thịnh |
| 992 | # | # | |a 12000 |
| 994 | # | # | |a DLU |
| 900 | # | # | |a True |
| 911 | # | # | |a Phan Ngọc Đông |
| 925 | # | # | |a G |
| 926 | # | # | |a A |
| 927 | # | # | |a SH |
| 980 | # | # | |a Thư viện Trường Đại học Đà Lạt |